000
00303nam a2200121Ia 4500
008
220204s9999 xx 000 0 und d
082
_a
025.3
_b
SEN
100
_a
Sengupta, Benoyendra
245
0
_a
Cataloguing: Its theory and practice
250
_a
Ed.3
260
_a
Calcutta
_b
World
_c
1974
942
_c
BK
999
_c
32184
_d
32184